[Event "28. Torneo San Viator 2017"]
[Site "Madrid ESP"]
[Date "2017.05.07"]
[Round "5.1"]
[White "Rottenwohrer Suarez, Juan"]
[Black "Renteria, Jorge"]
[Result "0-1"]
[WhiteElo "2129"]
[BlackElo "2275"]
[PlyCount "174"]
[EventDate "2017.03.26"]
[EventType "swiss"]
[EventRounds "9"]
[EventCountry "ESP"]
[SourceTitle "Ajedrez en Madrid"]
[Source "lmi"]
[SourceDate "2017.03.26"]

1. d4 Nf6 2. c4 c5 3. d5 g6 4. Nc3 d6 5. e4 Bg7 6. h3 O-O 7. Nf3 b5 8. cxb5 a6
9. b6 Qxb6 10. Bd3 e6 11. dxe6 Bxe6 12. O-O Nc6 13. Qe2 Rfe8 14. Re1 Nd4 15.
Nxd4 cxd4 16. Na4 Qc6 17. b3 Bf5 18. f3 d5 19. e5 Nh5 20. f4 Ng3 21. Qf3 Bxd3
22. Qxd3 Nf5 23. g4 Ne3 24. Bxe3 dxe3 25. Rac1 Qe6 26. Rxe3 Rac8 27. Rd1 Bh6
28. Rf3 d4 29. Qxd4 Red8 30. Qxd8+ Rxd8 31. Rxd8+ Bf8 32. Rc3 Kg7 33. Rcc8 Be7
34. Rg8+ Kh6 35. Rh8 g5 36. fxg5+ Bxg5 37. Rhe8 Qd7 38. Nc3 Qd3 39. Rg8 Qf3 40.
Rxg5 Kxg5 41. Rc4 Kh4 42. Ne4 Qe3+ 43. Nf2 Qxe5 44. Kg2 Qd5+ 45. Ne4 a5 46. g5
Kh5 47. Kf2 Qd3 48. Kg2 Qe2+ 49. Kg3 Kg6 50. Ra4 Qe3+ 51. Kg2 Qe1 52. Kf3 Kf5
53. Ng3+ Kxg5 54. Rg4+ Kf6 55. Nh5+ Ke5 56. Rg5+ Ke6 57. Nf4+ Kf6 58. Rg2 Kf5
59. Ne2 Ke5 60. Rg5+ Kd6 61. Nf4 Qd1+ 62. Kg3 Kc6 63. Rf5 Qe1+ 64. Kg4 Qd2 65.
Rf6+ Kc5 66. Rxf7 Qxa2 67. Rc7+ Kd6 68. Rb7 Kc6 69. Ra7 Kb6 70. Rxh7 Qxb3 71.
Rh6+ Kb7 72. Rh7+ Kc6 73. Rh6+ Kd7 74. Rh7+ Kd6 75. Rh6+ Ke7 76. Rb6 Qd1+ 77.
Kf5 a4 78. Ng6+ Kd7 79. Ne5+ Kc7 80. Rg6 Qc2+ 81. Kf6 a3 82. Rg7+ Kb6 83. Nd7+
Kb5 84. Rg5+ Kb4 85. Rg4+ Kb3 86. Ne5 Qf2+ 87. Ke6 a2 0-1

[Event "28. Torneo San Viator 2017"]
[Site "Madrid ESP"]
[Date "2017.05.07"]
[Round "5.2"]
[White "Sainz Pino, Fernando"]
[Black "Iturbide Arnedo, Oscar"]
[Result "0-1"]
[WhiteElo "1895"]
[BlackElo "2097"]
[PlyCount "34"]
[EventDate "2017.03.26"]
[EventType "swiss"]
[EventRounds "9"]
[EventCountry "ESP"]
[SourceTitle "Ajedrez en Madrid"]
[Source "lmi"]
[SourceDate "2017.03.26"]

1. e4 c5 2. Nf3 Nc6 3. d4 cxd4 4. Nxd4 Nf6 5. Nc3 e5 6. Ndb5 d6 7. Bg5 a6 8.
Na3 b5 9. Bxf6 gxf6 10. Nd5 f5 11. Bd3 Be6 12. Qh5 Rg8 13. O-O-O Rc8 14. Kb1 f4
15. Qxh7 Rg6 16. Qh8 Rh6 17. Qg8 f5 0-1

[Event "28. Torneo San Viator 2017"]
[Site "Madrid ESP"]
[Date "2017.05.07"]
[Round "5.3"]
[White "Correas Gonzalez, Jose Ramon"]
[Black "Pascual Delgado, Guillermo"]
[Result "1/2-1/2"]
[WhiteElo "2080"]
[BlackElo "1915"]
[PlyCount "46"]
[EventDate "2017.03.26"]
[EventType "swiss"]
[EventRounds "9"]
[EventCountry "ESP"]
[SourceTitle "Ajedrez en Madrid"]
[Source "lmi"]
[SourceDate "2017.03.26"]

1. e4 c5 2. Nf3 e6 3. d4 cxd4 4. Nxd4 Nf6 5. Nc3 Nc6 6. Ndb5 Bb4 7. a3 Bxc3+ 8.
Nxc3 d5 9. exd5 exd5 10. Bd3 O-O 11. O-O d4 12. Ne2 Re8 13. Bg5 h6 14. Bh4 a5
15. Bg3 Bd7 16. c3 dxc3 17. Nxc3 Ne5 18. Re1 Nxd3 19. Qxd3 Bc6 20. Qf5 Nh5 21.
Rxe8+ Qxe8 22. Rd1 Nxg3 23. hxg3 Rd8 1/2-1/2

[Event "28. Torneo San Viator 2017"]
[Site "Madrid ESP"]
[Date "2017.05.07"]
[Round "5.5"]
[White "Castro Morell, Daniel Eduardo"]
[Black "Luque Ibanes, Manuel"]
[Result "1/2-1/2"]
[WhiteElo "1885"]
[BlackElo "1994"]
[PlyCount "44"]
[EventDate "2017.03.26"]
[EventType "swiss"]
[EventRounds "9"]
[EventCountry "ESP"]
[SourceTitle "Ajedrez en Madrid"]
[Source "lmi"]
[SourceDate "2017.03.26"]

1. e4 c5 2. Bc4 e6 3. d4 cxd4 4. Nf3 Nc6 5. Nxd4 Nf6 6. Nxc6 bxc6 7. Nd2 d5 8.
Bd3 Bd6 9. Qe2 Qc7 10. h3 O-O 11. O-O c5 12. c3 Rb8 13. Re1 Bf4 14. e5 Nd7 15.
Nf3 Bxc1 16. Raxc1 f5 17. Ng5 Nb6 18. b3 h6 19. Nf3 Qe7 20. Ba6 Bd7 21. Bb5 Bc8
22. Ba6 Bd7 1/2-1/2

[Event "28. Torneo San Viator 2017"]
[Site "Madrid ESP"]
[Date "2017.05.07"]
[Round "5.6"]
[White "Garcia Sanjuan, Jose"]
[Black "Cervino Rossel, Cristobal"]
[Result "1/2-1/2"]
[WhiteElo "1891"]
[BlackElo "2045"]
[PlyCount "107"]
[EventDate "2017.03.26"]
[EventType "swiss"]
[EventRounds "9"]
[EventCountry "ESP"]
[SourceTitle "Ajedrez en Madrid"]
[Source "lmi"]
[SourceDate "2017.03.26"]

1. Nf3 g6 2. Nc3 Bg7 3. b3 d5 4. Bb2 d4 5. Nb5 c5 6. Na3 Nc6 7. h3 e5 8. d3
Nge7 9. Nc4 b5 10. Ncd2 Rb8 11. c4 b4 12. Ne4 f5 13. Nxc5 Qd6 14. Na4 e4 15.
dxe4 fxe4 16. Ng5 Qe5 17. h4 h6 18. Nh3 e3 19. f4 Qh5 20. g3 Bf5 21. Ng1 Be4
22. Nf3 O-O 23. Bh3 Rbd8 24. O-O Kh7 25. Qe1 Bf5 26. Bxf5 Qxf5 27. Kh2 Ng8 28.
Qb1 d3 29. Bxg7 Kxg7 30. Qb2+ Nf6 31. exd3 Rxd3 32. Rad1 Rfd8 33. Rxd3 Rxd3 34.
Qe2 Ng4+ 35. Kg1 Nf2 36. Nb2 Qg4 37. Rxf2 exf2+ 38. Kxf2 Rd8 39. Nd3 Qf5 40.
Nde5 Nxe5 41. Nxe5 Qh3 42. Ng4 Kf8 43. Qe6 Rd2+ 44. Ke1 Rxa2 45. Qf6+ Ke8 46.
Qxg6+ Kd8 47. Qd6+ Kc8 48. Qf8+ Kc7 49. Qe7+ Kc8 50. Qe6+ Kc7 51. Qe5+ Kc8 52.
Qc5+ Kd8 53. Qf8+ Kc7 54. Qe7+ 1/2-1/2

[Event "28. Torneo San Viator 2017"]
[Site "Madrid ESP"]
[Date "2017.05.07"]
[Round "5.7"]
[White "Martin Sanchez, Francisco"]
[Black "Gonzalez-Ruano Perez, Cesar"]
[Result "1-0"]
[WhiteElo "1994"]
[BlackElo "1882"]
[PlyCount "31"]
[EventDate "2017.03.26"]
[EventType "swiss"]
[EventRounds "9"]
[EventCountry "ESP"]
[SourceTitle "Ajedrez en Madrid"]
[Source "lmi"]
[SourceDate "2017.03.26"]

1. d4 f5 2. Nc3 Nf6 3. Bg5 e6 4. e4 Be7 5. exf5 O-O 6. fxe6 d5 7. Nf3 Bxe6 8.
Bd3 Bg4 9. Qd2 Nc6 10. Ne5 Ne4 11. Nxe4 dxe4 12. Bc4+ Kh8 13. Bxe7 Qxe7 14.
Nxg4 Qh4 15. Ne3 Nxd4 16. c3 1-0

[Event "28. Torneo San Viator 2017"]
[Site "Madrid ESP"]
[Date "2017.05.07"]
[Round "5.8"]
[White "Recuenco Andres, Javier"]
[Black "Lobato Rivero, Carlos"]
[Result "1-0"]
[WhiteElo "1890"]
[BlackElo "1969"]
[PlyCount "85"]
[EventDate "2017.03.26"]
[EventType "swiss"]
[EventRounds "9"]
[EventCountry "ESP"]
[SourceTitle "Ajedrez en Madrid"]
[Source "lmi"]
[SourceDate "2017.03.26"]

1. c4 e5 2. g3 Nc6 3. Bg2 f5 4. Nc3 Nf6 5. a3 a5 6. e3 Bc5 7. Nge2 Qe7 8. O-O
e4 9. d4 exd3 10. Qxd3 d6 11. Nf4 Ne5 12. Qe2 c6 13. b3 O-O 14. Bb2 Bb6 15.
Rad1 Bd7 16. Qd2 Bc7 17. Rfe1 g5 18. Nd3 Qg7 19. Nxe5 dxe5 20. Ne2 Be6 21. Qc2
f4 22. exf4 gxf4 23. Nxf4 Bg4 24. Ne2 Bh5 25. f3 Bg6 26. Qc3 Qh6 27. Nc1 Rae8
28. Nd3 Bxd3 29. Rxd3 e4 30. fxe4 Be5 31. Qc1 Qg6 32. Bxe5 Rxe5 33. Rd6 Qh5 34.
Qd1 Qg5 35. Qd2 Qh5 36. Qe2 Qg5 37. Qe3 Qh5 38. Bf3 Qh3 39. Qf4 Nxe4 40. Qxe5
Nxd6 41. Qg5+ Kh8 42. Bg4 Ne4 43. Qe5+ 1-0

[Event "28. Torneo San Viator 2017"]
[Site "Madrid ESP"]
[Date "2017.05.07"]
[Round "5.9"]
[White "Vaquerizo Calvo, Miguel Arturo"]
[Black "Padin Lazaro, Jose Manuel"]
[Result "1-0"]
[WhiteElo "1830"]
[BlackElo "1914"]
[PlyCount "113"]
[EventDate "2017.03.26"]
[EventType "swiss"]
[EventRounds "9"]
[EventCountry "ESP"]
[SourceTitle "Ajedrez en Madrid"]
[Source "lmi"]
[SourceDate "2017.03.26"]

1. e4 e6 2. Nf3 d5 3. Nc3 Nf6 4. e5 Nfd7 5. d4 c5 6. dxc5 Nc6 7. Bf4 Bxc5 8.
Bd3 f6 9. exf6 Nxf6 10. Qe2 O-O 11. O-O-O Qe7 12. Ne5 Bd7 13. g4 Bd6 14. Rhg1
Ne4 15. Nxe4 Nxe5 16. Bg5 Nxd3+ 17. Kb1 Qe8 18. Nxd6 Qb8 19. Be7 Nf4 20. Qf1
Ng6 21. Bxf8 Qxf8 22. Ne4 Qb4 23. Ng5 Rc8 24. Qd3 Qe7 25. h4 h6 26. Qxg6 hxg5
27. hxg5 Be8 28. Qd3 Qxg5 29. Qe3 Qf6 30. Rde1 Rc6 31. g5 Qf5 32. Qd3 Bg6 33.
Qxf5 Bxf5 34. Re2 d4 35. Rg3 Rd6 36. Kc1 Rd5 37. f4 Kf7 38. Kd2 Rd6 39. c3 d3
40. Re5 Bg6 41. Rb5 b6 42. Rb4 Bf5 43. Ra4 Rd7 44. b4 Kg6 45. b5 Rd5 46. Rb4
Kf7 47. a4 Ke7 48. Rg2 Kd6 49. Rh2 e5 50. fxe5+ Rxe5 51. Rc4 Rc5 52. Rd4+ Rd5
53. Rc4 Rc5 54. Rd4+ Rd5 55. Rh8 Kc5 56. Rxd5+ Kxd5 57. Ra8 1-0

[Event "28. Torneo San Viator 2017"]
[Site "Madrid ESP"]
[Date "2017.05.07"]
[Round "5.10"]
[White "Arroyo Martinez, Fernando"]
[Black "Linares Leyva, David"]
[Result "1-0"]
[WhiteElo "1898"]
[BlackElo "1810"]
[PlyCount "79"]
[EventDate "2017.03.26"]
[EventType "swiss"]
[EventRounds "9"]
[EventCountry "ESP"]
[SourceTitle "Ajedrez en Madrid"]
[Source "lmi"]
[SourceDate "2017.03.26"]

1. e4 e6 2. d4 d5 3. Nc3 Nc6 4. e5 f6 5. f4 fxe5 6. dxe5 Bd7 7. Bd3 Nge7 8. a3
a6 9. Nf3 g6 10. Be3 Nf5 11. Bxf5 gxf5 12. Ng5 h5 13. h4 Qe7 14. b4 Nxb4 15.
axb4 Qxb4 16. Bd2 Qd4 17. Qe2 Bb4 18. Qd3 Bxc3 19. Qxc3 Qxc3 20. Bxc3 c5 21.
Ba5 Rc8 22. Kd2 Ke7 23. Rhb1 Bb5 24. Ra3 Rc6 25. Bc3 Rd8 26. Kd1 Rd7 27. Bd2
Bf1 28. Rg3 Kd8 29. Nf3 b6 30. Rg6 Kc7 31. Rh6 d4 32. g3 a5 33. Ng5 Bc4 34.
Rxh5 a4 35. Rh8 Kb7 36. h5 b5 37. h6 Rc8 38. Rxc8 Kxc8 39. Ba5 Kb7 40. h7 1-0

[Event "28. Torneo San Viator 2017"]
[Site "Madrid ESP"]
[Date "2017.05.07"]
[Round "5.12"]
[White "Martin Lozano, Miguel Angel"]
[Black "Julian Serra, Rogelio"]
[Result "0-1"]
[WhiteElo "1759"]
[BlackElo "2002"]
[PlyCount "78"]
[EventDate "2017.03.26"]
[EventType "swiss"]
[EventRounds "9"]
[EventCountry "ESP"]
[SourceTitle "Ajedrez en Madrid"]
[Source "lmi"]
[SourceDate "2017.03.26"]

1. d4 g6 2. Bf4 Bg7 3. e3 d6 4. Nf3 Nd7 5. h3 e5 6. Bh2 Qe7 7. Be2 f5 8. O-O
Nh6 9. c3 Nf7 10. a4 O-O 11. Na3 g5 12. Nd2 Nf6 13. f3 h5 14. e4 f4 15. Kh1 Nh6
16. dxe5 dxe5 17. Bc4+ Kh7 18. Qe1 Ne8 19. g4 hxg4 20. hxg4 Nf6 21. Be2 Kg6 22.
Kg2 Be6 23. Nac4 Nf7 24. b4 Rh8 25. Bg1 Qd7 26. Nb3 b6 27. a5 Bxc4 28. Bxc4
Nxg4 29. Bxf7+ Kxf7 30. Qd2 Ne3+ 31. Bxe3 Qh3+ 32. Kf2 Rad8 33. Bd4 exd4 34.
cxd4 Qg3+ 35. Ke2 Rh2+ 36. Kd3 Rxd2+ 37. Kxd2 Bxd4 38. Nxd4 Rxd4+ 39. Kc3 Rxe4
0-1

[Event "28. Torneo San Viator 2017"]
[Site "Madrid ESP"]
[Date "2017.05.07"]
[Round "5.13"]
[White "Sotoca Aguado, Jose"]
[Black "Mazo Fernandez, Roberto"]
[Result "1/2-1/2"]
[WhiteElo "1860"]
[BlackElo "1982"]
[PlyCount "62"]
[EventDate "2017.03.26"]
[EventType "swiss"]
[EventRounds "9"]
[EventCountry "ESP"]
[SourceTitle "Ajedrez en Madrid"]
[Source "lmi"]
[SourceDate "2017.03.26"]

1. e4 c5 2. Nf3 d6 3. d4 cxd4 4. Nxd4 Nf6 5. Nc3 a6 6. Be2 e5 7. Nb3 Be6 8. O-O
Be7 9. Be3 O-O 10. f4 exf4 11. Rxf4 Nc6 12. Nd4 d5 13. Nxe6 fxe6 14. exd5 exd5
15. Bf3 d4 16. Bxc6 dxe3 17. Bd5+ Nxd5 18. Rxf8+ Bxf8 19. Nxd5 e2 20. Qd3 Bc5+
21. Kh1 Qd6 22. Re1 Rf8 23. c4 Rf2 24. g3 Qh6 25. h4 Qh5 26. Nf4 Rxf4 27. gxf4
Qxh4+ 28. Kg2 Qxe1 29. Qd5+ Kf8 30. Qxc5+ Kf7 31. Qd5+ Kf6 1/2-1/2

[Event "28. Torneo San Viator 2017"]
[Site "Madrid ESP"]
[Date "2017.05.07"]
[Round "5.15"]
[White "Lopez Nunez, Roberto"]
[Black "Cujba, Anca-Claudia"]
[Result "1-0"]
[WhiteElo "1877"]
[BlackElo "1760"]
[PlyCount "83"]
[EventDate "2017.03.26"]
[EventType "swiss"]
[EventRounds "9"]
[EventCountry "ESP"]
[SourceTitle "Ajedrez en Madrid"]
[Source "lmi"]
[SourceDate "2017.03.26"]

1. e4 c5 2. d3 d6 3. g3 g6 4. Bg2 Bg7 5. h4 h5 6. Nf3 Nc6 7. O-O e6 8. Nbd2
Nge7 9. a4 O-O 10. Re1 Rb8 11. Nc4 Na5 12. Ne3 b6 13. g4 hxg4 14. Nxg4 Nec6 15.
Nh6+ Kh8 16. h5 Ne5 17. Nxe5 Bxe5 18. Qg4 Qf6 19. c3 Qg7 20. Qh3 Qh7 21. Bg5
Bg7 22. hxg6 fxg6 23. e5 d5 24. Re3 Bxh6 25. Bxh6 Rf5 26. Qh4 Ba6 27. Rh3 Kg8
28. Qg4 Qf7 29. Re1 Nc6 30. Qg3 Bxd3 31. Qxd3 Rxf2 32. Bg5 Rf8 33. Bf6 Rxf6 34.
exf6 Qxf6 35. Rf3 Ne5 36. Rxe5 Qxe5 37. Qxg6+ Qg7 38. Qxe6+ Rf7 39. Qc8+ Qf8
40. Rg3+ Kh8 41. Rh3+ Kg8 42. Qg4+ 1-0

[Event "28. Torneo San Viator 2017"]
[Site "Madrid ESP"]
[Date "2017.05.07"]
[Round "5.17"]
[White "Barahona Torrijos, Angel"]
[Black "Lizon Martinez, Santiago"]
[Result "1-0"]
[WhiteElo "1880"]
[BlackElo "1750"]
[PlyCount "57"]
[EventDate "2017.03.26"]
[EventType "swiss"]
[EventRounds "9"]
[EventCountry "ESP"]
[SourceTitle "Ajedrez en Madrid"]
[Source "lmi"]
[SourceDate "2017.03.26"]

1. e4 c5 2. a3 d6 3. b4 b6 4. Bb2 Bb7 5. Nc3 Nf6 6. Bb5+ Nbd7 7. bxc5 bxc5 8.
Qe2 e6 9. Nf3 Be7 10. e5 dxe5 11. Nxe5 O-O 12. O-O Nxe5 13. Qxe5 Bd6 14. Qe2
Qc7 15. h3 a6 16. Ba4 Rab8 17. Rab1 Rfd8 18. d3 Bh2+ 19. Kh1 Be5 20. Bb3 Qc6
21. f4 Nh5 22. Rf3 Bc7 23. Ne4 Nxf4 24. Rxf4 Bxf4 25. Bxg7 Kxg7 26. Qg4+ Kf8
27. Qxf4 Qd7 28. Qh6+ Ke8 29. Nf6+ 1-0

[Event "28. Torneo San Viator 2017"]
[Site "Madrid ESP"]
[Date "2017.05.07"]
[Round "5.18"]
[White "Lopez Guitian, Juan J"]
[Black "Sanchez Hernandez, Guillermo"]
[Result "1-0"]
[WhiteElo "1589"]
[BlackElo "1768"]
[PlyCount "67"]
[EventDate "2017.03.26"]
[EventType "swiss"]
[EventRounds "9"]
[EventCountry "ESP"]
[SourceTitle "Ajedrez en Madrid"]
[Source "lmi"]
[SourceDate "2017.03.26"]

1. d4 d6 2. e4 Nf6 3. Nc3 g6 4. f4 Bg7 5. Nf3 O-O 6. Be2 e6 7. O-O Nbd7 8. e5
Nd5 9. Ne4 dxe5 10. fxe5 c5 11. c3 cxd4 12. cxd4 Qb6 13. Kh1 Nb8 14. Nc3 Ne7
15. a4 Nbc6 16. Ra3 Nf5 17. Rb3 Qd8 18. Nb5 a6 19. Bg5 Qd7 20. g4 axb5 21. axb5
Nfxd4 22. Rd3 Nxe5 23. Rxd4 Qc7 24. Bf4 Qc5 25. b4 Qc7 26. b6 Qb8 27. Rd8 f6
28. Nxe5 fxe5 29. Rxf8+ Bxf8 30. Bh6 Bxh6 31. Qd8+ Kg7 32. Qe7+ Kg8 33. g5 Bg7
34. Rf7 1-0

[Event "28. Torneo San Viator 2017"]
[Site "Madrid ESP"]
[Date "2017.05.07"]
[Round "5.19"]
[White "Marret, Constantin Pierre"]
[Black "Yeves Miquel, Enrique"]
[Result "1/2-1/2"]
[WhiteElo "1602"]
[BlackElo "1788"]
[PlyCount "61"]
[EventDate "2017.03.26"]
[EventType "swiss"]
[EventRounds "9"]
[EventCountry "ESP"]
[SourceTitle "Ajedrez en Madrid"]
[Source "lmi"]
[SourceDate "2017.03.26"]

1. Nf3 Nf6 2. g3 b6 3. Bg2 Bb7 4. O-O e6 5. d4 Be7 6. c4 O-O 7. Nc3 Ne4 8. Qc2
Nxc3 9. Qxc3 c5 10. Qc2 cxd4 11. Ng5 Bxg5 12. Bxb7 Bxc1 13. Raxc1 Nc6 14. Bxa8
Qxa8 15. a3 a5 16. Qe4 f5 17. Qc2 d6 18. Rcd1 Qb7 19. Qb3 Rf6 20. f3 Kf8 21. e4
e5 22. Qb5 d3 23. Qd5 Qc8 24. Rxd3 Nd4 25. Rxd4 exd4 26. Qxd4 Qc7 27. exf5 Rxf5
28. Qe4 Qc5+ 29. Kg2 Re5 30. Qf4+ Kg8 31. Rf2 1/2-1/2

[Event "28. Torneo San Viator 2017"]
[Site "Madrid ESP"]
[Date "2017.05.07"]
[Round "5.20"]
[White "Iriarte Diez, Enrique"]
[Black "Enfedaque Jimenez, Juan Carlos"]
[Result "1-0"]
[WhiteElo "1592"]
[BlackElo "1764"]
[PlyCount "41"]
[EventDate "2017.03.26"]
[EventType "swiss"]
[EventRounds "9"]
[EventCountry "ESP"]
[SourceTitle "Ajedrez en Madrid"]
[Source "lmi"]
[SourceDate "2017.03.26"]

1. d4 d5 2. Nc3 g6 3. Nf3 Nf6 4. Bg5 Bg7 5. Qd2 Ne4 6. Qe3 Nxg5 7. Qxg5 c6 8.
e4 dxe4 9. Nxe4 Qb6 10. O-O-O h5 11. Kb1 Bg4 12. Re1 O-O 13. c3 Qc7 14. Bc4 Bf5
15. h3 b5 16. Bb3 Bf6 17. Qe3 Kg7 18. g4 hxg4 19. hxg4 Bxe4+ 20. Qxe4 e6 21. g5
1-0

[Event "28. Torneo San Viator 2017"]
[Site "Madrid ESP"]
[Date "2017.05.07"]
[Round "5.22"]
[White "Martinez Rubio, Felipe"]
[Black "Juzgado Niella, Angel Luis"]
[Result "1-0"]
[WhiteElo "1711"]
[BlackElo "1625"]
[PlyCount "77"]
[EventDate "2017.03.26"]
[EventType "swiss"]
[EventRounds "9"]
[EventCountry "ESP"]
[SourceTitle "Ajedrez en Madrid"]
[Source "lmi"]
[SourceDate "2017.03.26"]

1. e4 e5 2. Nf3 Nc6 3. Bb5 Nd4 4. Nxd4 exd4 5. O-O c6 6. Bc4 Nf6 7. Re1 d6 8.
e5 dxe5 9. Rxe5+ Be7 10. h3 O-O 11. d3 Nd7 12. Re2 Nb6 13. Bb3 Qd6 14. Re4 Bf5
15. Bf4 Qd7 16. Re1 Bb4 17. Nd2 Nd5 18. Bxd5 Qxd5 19. a3 Bd6 20. Bxd6 Qxd6 21.
Nc4 Qg6 22. Qf3 Be6 23. Ne5 Qf5 24. Qxf5 Bxf5 25. Nf3 c5 26. Re5 Bg6 27. Rxc5
Rfc8 28. Rxc8+ Rxc8 29. Nxd4 Rd8 30. Re1 f6 31. Nf3 Rc8 32. Re2 Kf8 33. Nd4 Kf7
34. Nb5 Rc6 35. Nxa7 Rb6 36. b3 Bf5 37. a4 Bd7 38. f3 Be6 39. Nb5 1-0

[Event "28. Torneo San Viator 2017"]
[Site "Madrid ESP"]
[Date "2017.05.07"]
[Round "5.23"]
[White "Montoya Gandia, Manuel"]
[Black "Tudela Garcia, Antonio"]
[Result "1/2-1/2"]
[WhiteElo "1679"]
[BlackElo "1602"]
[PlyCount "74"]
[EventDate "2017.03.26"]
[EventType "swiss"]
[EventRounds "9"]
[EventCountry "ESP"]
[SourceTitle "Ajedrez en Madrid"]
[Source "lmi"]
[SourceDate "2017.03.26"]

1. d4 Nf6 2. Nf3 e6 3. c4 b6 4. Nc3 Bb7 5. g3 Be7 6. Bg2 O-O 7. O-O Ne4 8. Qc2
Nxc3 9. Qxc3 Na6 10. Rd1 f5 11. a3 c5 12. d5 exd5 13. cxd5 d6 14. h4 Bf6 15.
Qc2 Bc8 16. Bf4 Nc7 17. Rac1 Bb7 18. Ne1 Qe7 19. e4 fxe4 20. Bxe4 Bxh4 21. Ng2
Bf6 22. Bxh7+ Kh8 23. Be4 g5 24. Be3 Rae8 25. Bg6 Rd8 26. Be4 Qg7 27. Rb1 Rde8
28. f3 Rxe4 29. fxe4 Be5 30. Bf2 Qh6 31. Ne3 Qh3 32. Nf5 Rf7 33. Be1 Bd4+ 34.
Bf2 Rh7 35. Nh4 gxh4 36. Bxd4+ cxd4 37. Qg2 Qxg3 1/2-1/2

[Event "28. Torneo San Viator 2017"]
[Site "Madrid ESP"]
[Date "2017.05.07"]
[Round "5.24"]
[White "Estevez Sacristan, Deva"]
[Black "Brana Pastor, Carlos"]
[Result "1-0"]
[WhiteElo "1813"]
[BlackElo "1835"]
[PlyCount "69"]
[EventDate "2017.03.26"]
[EventType "swiss"]
[EventRounds "9"]
[EventCountry "ESP"]
[SourceTitle "Ajedrez en Madrid"]
[Source "lmi"]
[SourceDate "2017.03.26"]

1. e4 e6 2. d4 d5 3. exd5 exd5 4. Nf3 Nf6 5. c4 Bb4+ 6. Nc3 O-O 7. Be2 dxc4 8.
Bxc4 Re8+ 9. Be2 Nc6 10. O-O Bg4 11. Be3 Nd5 12. Nxd5 Qxd5 13. Qc2 Rad8 14. Bc4
Qh5 15. Ng5 Rd7 16. h3 Be6 17. Bd3 Nxd4 18. Qa4 Nc6 19. Bxh7+ Kh8 20. Be4 Bd5
21. Rad1 Red8 22. g4 Qh4 23. Bxd5 Rxd5 24. Nxf7+ Kg8 25. Nxd8 Qxh3 26. Bf4
Qxg4+ 27. Bg3 Rh5 28. Qb3+ Kh8 29. Nxc6 bxc6 30. Qe3 Bc5 31. Qf4 Qh3 32. Rd8+
Kh7 33. Qe4+ Rf5 34. Qh1 Bxf2+ 35. Rxf2 1-0

[Event "28. Torneo San Viator 2017"]
[Site "Madrid ESP"]
[Date "2017.05.14"]
[Round "6.1"]
[White "Renteria, Jorge"]
[Black "Iturbide Arnedo, Oscar"]
[Result "1-0"]
[WhiteElo "2275"]
[BlackElo "2097"]
[PlyCount "79"]
[EventDate "2017.03.26"]
[EventType "swiss"]
[EventRounds "9"]
[EventCountry "ESP"]
[SourceTitle "Ajedrez en Madrid"]
[Source "lmi"]
[SourceDate "2017.03.26"]

1. e4 g6 2. d4 Bg7 3. c3 d6 4. Nf3 Nf6 5. Bd3 O-O 6. h3 c5 7. O-O cxd4 8. cxd4
Nc6 9. Nc3 Nb4 10. Bb1 d5 11. e5 Ne8 12. a3 Nc6 13. Re1 Nc7 14. Ng5 Ne6 15.
Nxe6 Bxe6 16. Ne2 Qb6 17. Bc2 Bf5 18. Bxf5 gxf5 19. Qd3 e6 20. Bg5 f6 21. exf6
Bxf6 22. Bxf6 Rxf6 23. b4 f4 24. Rad1 Kh8 25. Kh1 Rg8 26. Qf3 Qc7 27. g3 e5 28.
gxf4 e4 29. Qh5 Qd6 30. Rg1 Rfg6 31. Rxg6 Rxg6 32. Rg1 a6 33. Rg5 Ne7 34. f5
Rxg5 35. Qxg5 h6 36. Qg4 Qf6 37. Qf4 Kg7 38. Ng3 Kh7 39. Qe5 Qh4 40. f6 1-0

[Event "28. Torneo San Viator 2017"]
[Site "Madrid ESP"]
[Date "2017.05.14"]
[Round "6.2"]
[White "Quispe Arteaga, Gabriel"]
[Black "Unciti Juan, Javier"]
[Result "1-0"]
[WhiteElo "2309"]
[BlackElo "1998"]
[PlyCount "88"]
[EventDate "2017.03.26"]
[EventType "swiss"]
[EventRounds "9"]
[EventCountry "ESP"]
[SourceTitle "Ajedrez en Madrid"]
[Source "lmi"]
[SourceDate "2017.03.26"]

1. Nf3 d5 2. d4 e6 3. e3 c5 4. b3 Nf6 5. Bd3 Nc6 6. Bb2 Bd6 7. Nbd2 O-O 8. O-O
b6 9. Ne5 Bb7 10. f4 Rc8 11. c3 Ne7 12. Qc2 g6 13. Rae1 cxd4 14. exd4 Nf5 15.
Qd1 Be7 16. Ng4 Nd6 17. Nxf6+ Bxf6 18. g4 Bg7 19. Re3 Qh4 20. g5 h6 21. Rg3
hxg5 22. Nf3 Qh5 23. Rxg5 Qh6 24. Rg4 Bf6 25. Ne5 Bg7 26. Qe1 Bxe5 27. fxe5 Ne4
28. Bxe4 dxe4 29. Bc1 Qh3 30. Rg3 Qh5 31. Bg5 f5 32. Rf4 Qh7 33. Rh4 Qg7 34.
Bh6 Qf7 35. Rgh3 g5 36. Bxg5 Qg6 37. Rg3 Kf7 38. Bf6 Rg8 39. Rxg6 Rxg6+ 40. Kf2
Rcg8 41. Rh7+ Ke8 42. Rxb7 Rg2+ 43. Ke3 R8g4 44. Qf1 Rxh2 1-0

[Event "28. Torneo San Viator 2017"]
[Site "Madrid ESP"]
[Date "2017.05.14"]
[Round "6.3"]
[White "Correas Gonzalez, Jose Ramon"]
[Black "Recuenco Andres, Javier"]
[Result "0-1"]
[WhiteElo "2080"]
[BlackElo "1890"]
[PlyCount "142"]
[EventDate "2017.03.26"]
[EventType "swiss"]
[EventRounds "9"]
[EventCountry "ESP"]
[SourceTitle "Ajedrez en Madrid"]
[Source "lmi"]
[SourceDate "2017.03.26"]

1. e4 d6 2. d4 Nf6 3. Nc3 e5 4. Nf3 Nbd7 5. g4 g6 6. g5 Nh5 7. Be3 Bg7 8. Qd2
O-O 9. O-O-O c6 10. Be2 a6 11. dxe5 dxe5 12. Kb1 Qc7 13. Qd6 Qxd6 14. Rxd6 Re8
15. Rhd1 Nf8 16. Na4 Bg4 17. Ng1 Bxe2 18. Nxe2 Nf4 19. Nac3 N8e6 20. Bb6 Nxg5
21. Ng3 Nf3 22. Nf1 Ne6 23. Na4 Neg5 24. Nc5 Bf8 25. R6d3 f5 26. exf5 gxf5 27.
Ng3 e4 28. Rd7 f4 29. Nh5 e3 30. Nf6+ Kh8 31. Nd3 e2 32. Rc1 Re6 33. Ba5 Rxf6
34. Bc3 Ne4 35. Bxf6+ Nxf6 36. Rf7 Bg7 37. c3 Re8 38. Ne1 Nxe1 39. Rxe1 Kg8 40.
Rxb7 f3 41. Rb4 Bh6 42. Kc2 Nd5 43. Rh4 Re6 44. Rh3 Nf4 45. Rxf3 Kf7 46. Re3
Ng2 47. R1xe2 Nxe3+ 48. fxe3 Rxe3 49. Rd2 Ke7 50. Rd4 Re2+ 51. Kb3 Rxh2 52. Ra4
Bc1 53. Rxa6 Rxb2+ 54. Kc4 Kd6 55. Ra7 h6 56. a4 Be3 57. Rg7 Ra2 58. Kb3 Ra1
59. Rg3 Bf4 60. Rg4 Bg5 61. Kb2 Rf1 62. Rd4+ Kc5 63. Rd7 Rf4 64. Kb3 Bf6 65. a5
Rf3 66. a6 Rxc3+ 67. Ka2 Rc4 68. Kb3 Rb4+ 69. Ka3 Rb6 70. a7 Ra6+ 71. Kb3 Kb6
0-1